|
|
|
|
| LEADER |
00000cam a2200000 c 4500 |
| 001 |
533804302 |
| 003 |
DE-627 |
| 005 |
20250208043812.0 |
| 007 |
tu |
| 008 |
070621s1566 ne ||||| 00| ||und c |
| 035 |
|
|
|a (DE-627)533804302
|
| 035 |
|
|
|a (DE-576)9533804300
|
| 035 |
|
|
|a (DE-599)GBV533804302
|
| 035 |
|
|
|a (OCoLC)836582821
|
| 035 |
|
|
|a (DE-605)TT001769495
|
| 040 |
|
|
|a DE-627
|b ger
|c DE-627
|e rakwb
|
| 044 |
|
|
|c XA-NL
|
| 084 |
|
|
|a 1
|2 ssgn
|
| 100 |
0 |
|
|8 1\p
|0 (DE-588)118555340
|0 (DE-627)079352677
|0 (DE-576)161533698
|4 aut
|a Ignatius
|c Antiochenus
|d -110
|
| 109 |
|
|
|a Ignatius Antiochenus -110
|
| 245 |
1 |
0 |
|a Ignatii Archiepiscopi Antiochiae et martyris epistolae prorsus apostolicae
|c Hieronymo Vairlenio Sylvio interprete cum breviss. in easdem scholiis
|
| 246 |
1 |
|
|i Ansetzungssachtitel
|a Epistolae prorsus apostolicae
|
| 264 |
|
1 |
|a Antverpiae
|b Plantin
|c 1566
|
| 300 |
|
|
|a 78 S. ; 8-o
|
| 336 |
|
|
|a Text
|b txt
|2 rdacontent
|
| 337 |
|
|
|a ohne Hilfsmittel zu benutzen
|b n
|2 rdamedia
|
| 338 |
|
|
|a Band
|b nc
|2 rdacarrier
|
| 700 |
1 |
|
|8 2\p
|e Hrsg.
|0 (DE-588)13907807X
|0 (DE-627)608108375
|0 (DE-576)310176638
|4 edt
|a Verle, Hieronymus
|d -1586
|
| 883 |
|
|
|8 1\p
|a cgwrk
|d 20241001
|q DE-101
|u https://d-nb.info/provenance/plan#cgwrk
|
| 883 |
|
|
|8 2\p
|a cgwrk
|d 20241001
|q DE-101
|u https://d-nb.info/provenance/plan#cgwrk
|
| 951 |
|
|
|a BO
|
| ELC |
|
|
|b 1
|
| LOK |
|
|
|0 000 xxxxxcx a22 zn 4500
|
| LOK |
|
|
|0 001 4493044624
|
| LOK |
|
|
|0 003 DE-627
|
| LOK |
|
|
|0 004 533804302
|
| LOK |
|
|
|0 005 20240228103056
|
| LOK |
|
|
|0 008 240228||||||||||||||||ger|||||||
|
| LOK |
|
|
|0 040
|a DE-Tue135
|c DE-627
|d DE-Tue135
|
| LOK |
|
|
|0 092
|o n
|
| LOK |
|
|
|0 852
|a DE-Tue135
|
| LOK |
|
|
|0 852 1
|9 00
|
| LOK |
|
|
|0 935
|a RFBW
|a bips
|
| LOK |
|
|
|0 939
|a 28-02-24
|b l01
|
| ORI |
|
|
|a SA-MARC-ixtheoa001.raw
|